| 000 | 00533nam a2200121Ia 4500 | ||
|---|---|---|---|
| 008 | 220620s9999||||xx |||||||||||||| ||und|| | ||
| 245 | 0 |
_aScience of Societal Safety _bLiving at Times of Risks and Disasters |
|
| 546 | _aEnglish[eng] | ||
| 650 | _aSocial sciences||Sociology, Urban||Quality control||Reliability||Industrial safety||Fire prevention||Terrorism||Environmental policy | ||
| 700 | _aAbe, Seiji||Ozawa, Mamoru||Kawata, Yoshiaki | ||
| 856 | _uhttps://library.oapen.org/bitstream/20.500.12657/23274/1/1006882.pdf | ||
| 942 | _cEB | ||
| 999 |
_c33766 _d33766 |
||